Universitäten, die molekulare Medizin anbieten - Statistiken

Allgemein
  • Dieses Quiz wurde 49 mal gespielt
    22 seit der letzten Aktualisierung
  • Das Durchschnittsergebnis liegt bei 7 aus 13
Antwortstatistiken
Bundesland Universität % Korrekt
Nordrhein-Westfalen Heinrich-Heine-Universität Düsseldorf
79%
Bayern Friedrich-Alexander-Universität Erlangen-Nürnberg
68%
Baden-Württemberg Albert-Ludwigs-Universität Freiburg
63%
Charité - Universitätsmedizin Berlin
63%
Hessen Johann Wolfgang Goethe-Universität Frankfurt am Main
63%
Thüringen Friedrich-Schiller-Universität Jena
58%
Nordrhein-Westfalen Universität Münster
58%
Niedersachsen Georg-August-Universität Göttingen
42%
Nordrhein-Westfalen Rheinische Friedrich-Wilhelms-Universität Bonn
42%
Baden-Württemberg Universität Ulm
42%
Baden-Württemberg Eberhard Karls Universität Tübingen
37%
Bayern Universität Regensburg
37%
Niedersachsen Carl von Ossietzky Universität Oldenburg
32%
Keine übereinstimmenden Quizze gefunden
Verteilung der Resultate
Anzahl Personen mit jedem Resultat
Perzentil nach korrekt beantworteten Fragen
Ihre Resultats-Entwicklung
Sie haben dieses Quiz seit der letzten Aktualisierung nicht gespielt